| 000 | 00676nam a2200205 a 4500 | ||
|---|---|---|---|
| 001 | 000043619 | ||
| 005 | 20201002044901.0 | ||
| 008 | 140331s1970 sp 000 0 spa d | ||
| 040 |
_aDO-SdBNP _bspa _cBNPHU |
||
| 082 |
_a821.6 _bS425m |
||
| 100 | 1 |
_aScott, Walter _d1771-1832 _971438 |
|
| 245 | 1 | 0 |
_aLa maga de la montaƱa : _bLos desposorios de triermain / _cWalter Scott. |
| 260 |
_aMadrid : _bLibra, _c1970. |
||
| 300 |
_a187 p. ; _c17 cm. |
||
| 490 | 1 |
_aPurpura _v13 |
|
| 500 | _aDos obras encuadernadas juntas con paginación continua. | ||
| 650 | 4 |
_aLiteratura inglesa _ySIGLO XVIII _971439 |
|
| 650 | 4 |
_aNovela inglesa _ySIGLO XVIII _971440 |
|
| 830 | 0 |
_aPurpura _n13 _971441 |
|
| 999 |
_c43108 _d43108 |
||